|
|
|
|
| LEADER |
01288nam a22003132aa4500 |
| 001 |
001253782 |
| 003 |
CZ BrMZK |
| 005 |
20230907064121.0 |
| 007 |
ta |
| 008 |
121003s1974 xo er 000 0 hun d |
| 040 |
|
|
|a ABA001
|b cze
|c ABA001
|d ABA001
|d BOA
|
| 041 |
1 |
|
|a hun
|h eng
|
| 080 |
9 |
|
|a 820-311.4=945.11
|
| 100 |
1 |
|
|a Brontë, Charlotte,
|d 1816-1855
|7 jn19990201020
|4 aut
|
| 245 |
1 |
0 |
|a Villette ;
|b Henry Hastings kapitány.
|n 1., 2. kötet /
|c Charlotte Brontëová ; fordított Ilona Róna, György Szepessy, Magda Székely
|
| 260 |
|
|
|a Bratislava :
|b Madách,
|c 1974
|
| 300 |
|
|
|a 2 sv. (320, 340 s.)
|
| 490 |
1 |
|
|a A világirodalom remekei. Sorozat 5
|
| 700 |
1 |
2 |
|a Brontë, Charlotte,
|d 1816-1855.
|t Captain Henry Hastings.
|l Maďarsky
|
| 700 |
1 |
|
|a Róna, Ilona,
|d 1904-
|7 mzk20231200117
|4 trl
|
| 700 |
1 |
|
|a Szepessy, György
|4 trl
|
| 700 |
1 |
|
|a Székely, Magda,
|d 1936-
|7 jo2001100182
|4 trl
|
| 740 |
0 |
2 |
|a Henry Hastings kapitány
|
| 830 |
|
0 |
|a Világirodalom remekei.
|n Sorozat 5
|
| 910 |
|
|
|a BOA001
|b 2-0730.076
|s 1-2
|
| 990 |
|
|
|a BK
|
| 991 |
|
|
|b 201210
|
| 996 |
7 |
|
|b 2619640159
|c 2-0730.076
|d 1.
|l Sklad H1
|r Sklad / do 24 hodin
|n 0
|h HS212
|w 001287856
|u 000010
|a 1
|e BOA001
|j MZK50
|s A
|
| 996 |
7 |
|
|b 2619640160
|c 2-0730.076
|d 2.
|l Sklad H1
|r Sklad / do 24 hodin
|n 0
|h HS212
|w 001287856
|u 000020
|a 1
|e BOA001
|j MZK50
|s A
|